Library Banner

Statistical analysis for education and psychology researchers / (Record no. 109079)

MARC details
000 -LEADER
fixed length control field 00439nam a22001577a 4500
005 - DATE AND TIME OF LATEST TRANSACTION
control field 20181126105952.0
008 - FIXED-LENGTH DATA ELEMENTS--GENERAL INFORMATION
fixed length control field 181126b ||||| |||| 00| 0 eng d
020 ## - INTERNATIONAL STANDARD BOOK NUMBER
International Standard Book Number 075070506x
040 ## - CATALOGING SOURCE
Transcribing agency PK-LaUMT
082 ## - DEWEY DECIMAL CLASSIFICATION NUMBER
Classification number 519.5024
Item number PEE-S
100 ## - MAIN ENTRY--PERSONAL NAME
Personal name Peers, Ian S.
245 ## - TITLE STATEMENT
Title Statistical analysis for education and psychology researchers /
Statement of responsibility, etc Ian S. Peers
260 ## - PUBLICATION, DISTRIBUTION, ETC. (IMPRINT)
Place of publication, distribution, etc London :
Name of publisher, distributor, etc The Falmer Press,
Date of publication, distribution, etc 1996
300 ## - PHYSICAL DESCRIPTION
Extent 411 p.
942 ## - ADDED ENTRY ELEMENTS (KOHA)
Koha item type Books
Holdings
Withdrawn status Lost status Damaged status Home library Current library Date acquired Full call number Barcode Date last seen Price effective from Koha item type
      UMT Main Campus UMT Main Campus 2018-11-26 519.5024 PEE-S 125455 2019-10-12 2018-11-26 Books